Logo BPK

Biblioteka

Politechniki Koszalińskiej

Die Geschichte des Genie-Gedankens in der deutschen Literatur, Philosophie und Politik 1750-1945. (Rekord nr 50042)

Szczegóły MARC
000 -ETYKIETA REKORDU
podpole kontrolne o stałej długości 00774nam a2200253 i 4500
001 - NUMER KONTROLNY REKORDU
pole kontrolne bgj
020 ## - MIĘDZYNARODOWY ZNORMALIZOWANY NUMER KSIĄŻKI - ISBN
ISBN 3534800125
040 ## - ŹRÓDŁO KATALOGOWANIA
Instytucja, która utworzyła rekord BPK
041 0# - KOD JĘZYKA
Kod języka tekstu ger
044 ## - KOD KRAJU WYDAWCY/PRODUCENTA
Kod kraju wydawcy/producenta DEU
080 ## - UNIWERSALNA KLASYFIKACJA DZIESIĘTNA - UKD
UKD 94(430)
920 ## - Międzynarodowy znormalizowany numer książki – ISBN
ISBN 3-534-800-12-5
008 - POLE O STAŁEJ DŁUGOŚCI - DANE KONTROLNE
podpole kontrolne o stałej długości s gw f |000 0 ger
100 1# - NAZWA OSOBOWA
Nazwa osobowa SCHMIDT, Jochen.
245 10 - TYTUŁ/ODPOWIEDZIALNOŚĆ
Tytuł Die Geschichte des Genie-Gedankens in der deutschen Literatur, Philosophie und Politik 1750-1945.
Pozostałe elementy strefy tytułu i oznaczenia odpowiedzialności Jochen Schmidt.
Oznaczenie części/sekcji dzieła Bd. 2,
Tytuł części/sekcji dzieła Von der Romantik bis zum Ende des Dritten Reichs /
250 ## - STREFA WYDANIA
Oznaczenie wydania 2., durchges. Aufl.
260 ## - STREFA ADRESU WYDAWNICZEGO
Miejsce wydania Darmstadt :
Nazwa wydawcy/dystrybutora Wissenchaftliche Buchgesellschaft,
Data publikacji, dystrybucji/powstania dokumentu 1988.
300 ## - STREFA OPISU FIZYCZNEGO
Objętość IX, 310 s. ;
Rozmiary 19 cm.
490 1# - STREFA SERII I DOKUMENTU WIELOCZĘŚCIOWEGO - FORMA NIE DO WYSZUKIWANIA
Tytuł i oznaczenie odpowiedzialności serii WB-Forum
Numeracja w obrębie serii 3
504 ## - UWAGA DOTYCZĄCA BIBLIOGRAFII
Informacje o bibliografii Indeks.
650 9# - HASŁO PRZEDMIOTOWE W FORMIE NAZWY OGÓLNEJ LUB JEDNOSTKOWEJ
Nazwa ogólna lub geograficzna Niemcy
Określnik ogólny historia
Określnik chronologiczny 1750-1945
830 ## - HASŁO DODATKOWE SERII LUB DOKUMENTU WIELOCZĘŚCIOWEGO - TYTUŁ UJEDNOLICONY
Tytuł ujednolicony WB-Forum
856 ## - LOKALIZACJA I DOSTĘP DO ELEKTRONICZNYCH DOKUMENTÓW ZDALNYCH
Link (URL) http://koha.tu.koszalin.pl/cgi-bin/koha/opac-detail.pl?biblionumber=50042
Tekst linku Katalog online BPK
942 ## - DODATKOWE ELEMENTY (KOHA)
Typ dokumentu Książka
Egzemplarze
Wycofany Status egzemplarza Uszkodzony Dostępność Lokalizacja stała Lokalizacja bieżąca Miejsce przechowywania Sygnatura Kod kreskowy Typ dokumentu
      Tylko na miejscu Biblioteka Politechniki Koszalińskiej Biblioteka Politechniki Koszalińskiej Czytelnia Wydziałowa ul. Kwiatkowskiego 6e S 2680 02435176 Książka
© 2023 Biblioteka Politechniki Koszalińskiej :: KOHA